| 000 | 01082nam0a2200325 4500 | ||
|---|---|---|---|
| 001 | RU\NLR\bibl\1456568 | ||
| 005 | 20260405132815.0 | ||
| 010 |
_a978-5-9717-0917-6 _bв пер. |
||
| 021 |
_aRU _b2009-90557 _95712 |
||
| 035 | _a(nilc)RSL-KNO-004409797 | ||
| 035 | _a(NLR Aleph) 001448366 | ||
| 090 |
_a1507204 _c1507204 |
||
| 100 | _a20091105d2009 |||y0rusy50 ca | ||
| 101 | 0 | _arus | |
| 102 | _aRU | ||
| 105 | _ay ||||||||| | ||
| 200 | 1 |
_aМародер _aКаратель _e[романы] _fБеркем аль Атоми |
|
| 210 |
_aСанкт-Петербург _cКрылов _d2009 |
||
| 215 |
_a667, [2] с. _d21 |
||
| 225 | 1 |
_aКрылов _iМужской клуб |
|
| 225 | 1 | _aДилогия в одном томе | |
| 686 |
_aШ5(2=Р)75-644.5 _2rubbk |
||
| 700 | 1 |
_4070 _7ca _8rus _aАтоми _bБ. аль _cпсевдоним _gБеркем аль _936499 _3RU\NLR\AUTH\7753567 |
|
| 801 | 0 |
_aRU _bРКП _c20091105 _grcr |
|
| 801 | 1 |
_aRU _bРГБ _c20091105 |
|
| 801 | 2 |
_aRU _bNLR _c20091223 _grcr |
|
| 942 | _cBOOK | ||
| 980 | _aNB | ||